| 000 | 01182cam a2200277 i 4500 | ||
|---|---|---|---|
| 003 | SA-RiAUC | ||
| 005 | 20240916081655.0 | ||
| 008 | 240915q19001999su g b 000r0 ara c | ||
| 020 | _a0000004280 | ||
| 040 |
_aSA-RiBOE _bara _cSA-RiAUC _erda |
||
| 082 | 0 | 4 |
_a229.4 _bح ر ي _qSA-RiAUC |
| 100 | 1 |
_aالحريري، رافدة عمر _eمؤلف. |
|
| 245 | 1 | 0 |
_aفاعلية الأغذية الوارد ذكرها في القرآن الكريم / _cإعداد رافدة الحريري ؛ رئيس التحرير حمد بن عبد الله القاضي. |
| 264 | 1 |
_aالرياض : _bالمجلة العربية، _c[بين 1900 و1999] |
|
| 300 |
_a32 صفحة ؛ _c21 × 15 سم |
||
| 336 |
_aنص _btxt _2rdacontent _3كتاب |
||
| 337 |
_aبدون وسيط _bn _2rdamedia |
||
| 338 |
_aمجلد _bnc _2rdacarrier |
||
| 504 | _aببليوجرافية : صفحة 32. | ||
| 650 | 7 |
_aالقرآن والأغذية _2aucsh |
|
| 650 | 7 |
_aالأغذية في القرآن _2aucsh |
|
| 700 | 1 |
_aالقاضي، حمد بن عبد الله بن سليمان، _d1368 هجري- _eمحرر. |
|
| 730 | 2 | 2 | _aالقرآن |
| 942 |
_2ddc _cBOOK |
||
| 949 |
_aSA-JeALM _d240915 _umohamedma123 _n1 |
||
| 999 |
_c335 _d335 |
||